| 000 | 00694nam a2200217 a 4500 | ||
|---|---|---|---|
| 003 | BD-DhJNU | ||
| 005 | 20250116042308.0 | ||
| 008 | 250114s2009 bg a rb f100 0 eng | ||
| 020 | _a9788183421867 | ||
| 040 |
_aBD-DhJNU _bENG _cBD-DhJNU _dBD-DhJNU |
||
| 082 | 0 | 0 |
_a363.7 PRE _223 |
| 100 | 1 | _aPrasad, P. N. | |
| 245 | 1 | 0 |
_aEncyclopaedia of environmental pollution, Vol. : 1-10 / _cP. N. Prasad and T. R. Amarnath |
| 260 |
_aNew Delhi : _bCrescent Publishing Corporation, _c2009. |
||
| 300 |
_av, 276 p. : _bill. ; _c23 cm. |
||
| 490 | _v Vol. : 1-10 | ||
| 504 | _aIncludes bibliographical references and index. | ||
| 650 | 0 | _aPollution | |
| 650 | 0 | _aEncyclopedias | |
| 700 | 1 | _aAmarnath, T. R. | |
| 999 |
_c1096 _d1096 |
||